| 000 | 00412nam a22001217a 4500 | ||
|---|---|---|---|
| 082 | _a200 THE | ||
| 100 |
_aMudassar Adeel Ahmed _969933 |
||
| 245 | _aTH-SOF-1345-Automated Software Design Generation from User Requirements using Natural Language Processing | ||
| 260 |
_aIslamabad _bNUST College of EME _c2016 |
||
| 650 | _a MS-CSE-14 MSTHESIS | ||
| 700 |
_aSupervisor Dr. Wasi Haider Butt _969491 |
||
| 942 | _cCF | ||
| 999 |
_c577011 _d577011 |
||